Možnosti zabezpečenia sa na devízových trhoch
Identifikácia základných techník riadenia menových rizík s využitím všeobecne dostupných finančných nástrojov a aktív. Riadenie menového rizika bez použitia finančných derivátov. Prirodzený hedging. Zaistenie prostredníctvom výberu vhodnej meny. Zaistenie prostredníctvom trhu. Riadenie menového riz...
Uložené v:
| Hlavný autor: | |
|---|---|
| Ďalší autori: | |
| Médium: | Kapitola |
| Jazyk: | Slovak |
| Predmet: | |
| Tagy: |
Žiadne tagy, Buďte prvý, kto otaguje tento záznam!
|
MARC
| LEADER | 00000nla$a2200000$$$4500 | ||
|---|---|---|---|
| 001 | 0029136 | ||
| 005 | 20240502071432.9 | ||
| 041 | 0 | |a slo | |
| 044 | |a SK | ||
| 245 | 1 | 0 | |a Možnosti zabezpečenia sa na devízových trhoch |c Marcel Laznia, Valér Demjan |
| 520 | |a Identifikácia základných techník riadenia menových rizík s využitím všeobecne dostupných finančných nástrojov a aktív. Riadenie menového rizika bez použitia finančných derivátov. Prirodzený hedging. Zaistenie prostredníctvom výberu vhodnej meny. Zaistenie prostredníctvom trhu. Riadenie menového rizika s použitím finančných derivátov. Forwardové kontrakty na menu. Porovnanie forwardového zabezpečenia kontraktu a nezaistenej pozície. Zaistenie na opčnom trhu. Ilustračné príklady. | ||
| 610 | 2 | 0 | |a trh devízový |
| 610 | 2 | 0 | |a zaistenie |
| 610 | 2 | 0 | |a riziko podnikateľské |
| 610 | 2 | 0 | |a deriváty |
| 610 | 2 | 0 | |a hedging |
| 610 | 2 | 0 | |a nástroje finančné |
| 610 | 2 | 0 | |a forwardy |
| 610 | 2 | 0 | |a kontrakty |
| 610 | 2 | 0 | |a kurz výmenný |
| 610 | 2 | 0 | |a spot |
| 610 | 2 | 0 | |a opcie |
| 100 | 1 | |a Laznia, Marcel | |
| 700 | 1 | |a Demjan, Valér | |